000 00724nam a2200277Ia 4500
008 160803s9999 xx 000 0 und d
020 _a 978-0142421338
100 _aMoulton, Erin E.
245 _aFlutter :
245 _bthe story of four sisters and one incredible journey /
245 _cErin E. Moulton.
260 _aNew York :
260 _bScholastic Inc.
260 _c2011
300 _a200 pages ;
300 _c20 cm
650 _aAdventure stories.
650 _aFamilies -- Vermont --
650 _aNature stories.
650 _aPoaching --
650 _aSisters --
650 _xJuvenile fiction.
650 _xJuvenile fiction.
650 _xJuvenile fiction.
700 _a720
999 _c298651
_d298651